Governadores do Rio de Janeiro (com fotos) - Statistics

Estatísticas Gerais
  • Esse quiz foi jogado 88 vezes
    85 desde o último reset
  • A pontuação média é 9 de 12
Estatísticas das Respostas
Imagem Hint Resposta % Correto
1983-1987 (PDT) Leonel Brizola
90%
1999-2002 (PDT/PSB) Anthony Garotinho
87%
1991-1994 (PDT) Leonel Brizola
86%
2014-2019 (PMDB) Luiz Fernando Pezão
86%
2003-2007 (PSB/PMDB) Rosinha Garotinho
83%
2007-2014 (PMDB) Sérgio Cabral Filho
79%
2021-atual (PSC/PL) Cláudio Castro
78%
2019-2021 (PSC) Wilson Witzel
78%
2002-2003 (PT) Benedita da Silva
74%
1995-1999 (PSDB) Marcello Alencar
49%
1987-1991 (PMDB) Moreira Franco
49%
1994-1995 (PDT) Nilo Batista
23%
Nenhum quiz correspondente encontrado
Distribuição das Pontuações
Porcentagem de Pessoas com Cada Pontuação
Percentil de Números Respondidos
Sua Pontuação Histórica
Você não jogou esse quiz desde o último reset